<?xml version="1.0" encoding="UTF-8"?><?xml-stylesheet type="text/xsl" href="static/style.xsl"?><OAI-PMH xmlns="http://www.openarchives.org/OAI/2.0/" xmlns:xsi="http://www.w3.org/2001/XMLSchema-instance" xsi:schemaLocation="http://www.openarchives.org/OAI/2.0/ http://www.openarchives.org/OAI/2.0/OAI-PMH.xsd"><responseDate>2026-04-14T16:23:37Z</responseDate><request verb="GetRecord" identifier="oai:uvadoc.uva.es:10324/36033" metadataPrefix="marc">https://uvadoc.uva.es/oai/request</request><GetRecord><record><header><identifier>oai:uvadoc.uva.es:10324/36033</identifier><datestamp>2021-06-29T23:32:42Z</datestamp><setSpec>com_10324_38</setSpec><setSpec>col_10324_852</setSpec></header><metadata><record xmlns="http://www.loc.gov/MARC21/slim" xmlns:doc="http://www.lyncode.com/xoai" xmlns:xsi="http://www.w3.org/2001/XMLSchema-instance" xmlns:dcterms="http://purl.org/dc/terms/" xsi:schemaLocation="http://www.loc.gov/MARC21/slim http://www.loc.gov/standards/marcxml/schema/MARC21slim.xsd">
<leader>00925njm 22002777a 4500</leader>
<datafield tag="042" ind1=" " ind2=" ">
<subfield code="a">dc</subfield>
</datafield>
<datafield tag="720" ind1=" " ind2=" ">
<subfield code="a">Martínez Pastor, Claudia</subfield>
<subfield code="e">author</subfield>
</datafield>
<datafield tag="260" ind1=" " ind2=" ">
<subfield code="c">2019</subfield>
</datafield>
<datafield tag="520" ind1=" " ind2=" ">
<subfield code="a">El resumen que se presenta a continuación se centra en la creación&#xd;
de una nueva empresa, la cual está dedicada al negocio de la hostelería, en&#xd;
concreto una pizzería.&#xd;
Esta idea consiste en una pizzería especializada en pizzas hechas a mano&#xd;
basadas en la cocina italiana. Ofreciendo un servicio de comida y cena a todos&#xd;
sus clientes. Se llevará a cabo un estudio para ver cual es el comportamiento de&#xd;
la empresa, desde la creación de la nueva empresa hasta el análisis financiero&#xd;
y económico pasados tres años desde el inicio del proyecto.&#xd;
Es un restaurante situado en una zona muy céntrica de Valladolid, único en la&#xd;
zona, ya que exclusivamente vende pizzas realizadas con recetas italianas por&#xd;
un chef experimentado, cuya única competencia puede ser la cadena Ginos o&#xd;
La Tagliatella, siendo esto uno de los principales motivos por los que funcionará el negocio</subfield>
</datafield>
<datafield tag="520" ind1=" " ind2=" ">
<subfield code="a">The summary that appears next focuses on the creation of a new&#xd;
company, which is dedicated to hospitality industry, specifically a pizzeria.&#xd;
This idea consists of a pizzeria specializing in handmade pizzas based on Italian&#xd;
cuisine. Offering a food and dinner service to all its customers. A study will be&#xd;
carried out to see what is the behavior of the company, from the creation of the&#xd;
new company to the financial and economic analysis after three years from the&#xd;
beginning of the project.&#xd;
It is a restaurant located in a very central area of Valladolid, unique in the area,&#xd;
since it exclusively sells pizzas made with Italian recipes by an experienced chef, &#xd;
whose only competition can be the chain Ginos or La Tagliatella, this being one&#xd;
of the main reasons why the business will work</subfield>
</datafield>
<datafield tag="024" ind2=" " ind1="8">
<subfield code="a">http://uvadoc.uva.es/handle/10324/36033</subfield>
</datafield>
<datafield ind1=" " ind2=" " tag="653">
<subfield code="a">Restaurantes - España - Valladolid</subfield>
</datafield>
<datafield ind1=" " ind2=" " tag="653">
<subfield code="a">Análisis financiero</subfield>
</datafield>
<datafield ind1=" " ind2=" " tag="653">
<subfield code="a">Empresas nuevas - España - Valladolid</subfield>
</datafield>
<datafield tag="245" ind1="0" ind2="0">
<subfield code="a">Análisis de viabilidad de una pizzería</subfield>
</datafield>
</record></metadata></record></GetRecord></OAI-PMH>